[Event "Open B Estate Alfieri"]
[Site "Torino ITA"]
[Date "2010.05.04"]
[Round "1"]
[White "Riccardi, Mauro"]
[Black "Femia, Nicola"]
[Result "0-1"]
[WhiteElo "1834"]
[BlackElo "1833"]
[PlyCount "137"]
[EventDate "2010.05.04"]

1. d4 d5 2. c4 e6 3. Nc3 Nf6 4. cxd5 exd5 5. Bg5 Be7 6. e3 O-O 7. Bd3 Nbd7 8.
Nge2 h6 9. Bh4 c6 10. O-O Re8 11. Qc2 Nf8 12. f3 Nh5 13. Bxe7 Qxe7 14. e4 dxe4
15. fxe4 Bg4 16. Qd2 Rad8 17. h3 Bxe2 18. Nxe2 Ne6 19. Bc4 Kh8 20. Rf5 Nf6 21.
e5 Ne4 22. Qe3 N4g5 23. Raf1 Rf8 24. h4 Nh7 25. Qf2 Kg8 26. Qg3 Kh8 27. Qg4 g6
28. R5f3 h5 29. Qe4 Rde8 30. Nf4 Nxf4 31. Qxf4 f5 32. exf6 Rxf6 33. Qh6 Rxf3
34. Rxf3 Qxh4 35. Qf4 Re1+ 36. Bf1 Qxf4 37. Rxf4 Kg7 38. Kh2 Nf6 39. Bc4 Rd1
40. Kg3 g5 41. Rf5 Kg6 42. Rf3 Ne4+ 43. Kh2 Rxd4 44. Bf7+ Kh6 45. Re3 g4 46.
Rb3 g3+ 47. Kh3 Ng5+ 48. Kxg3 Nxf7 49. Rxb7 h4+ 50. Kh3 Ng5+ 51. Kh2 Rd2 52.
Rc7 Rc2 53. a4 Kh5 54. Kg1 Ne4 55. b4 a6 56. Rh7+ Kg4 57. Rg7+ Kf5 58. Rh7 Rc1+
59. Kh2 Kg4 60. Rg7+ Ng5 61. Rc7 Rc2 62. Rg7 h3 63. Kg1 Rxg2+ 64. Kf1 Rc2 65.
Kg1 Kf4 66. Rg8 Nf3+ 67. Kf1 h2 68. Rf8+ Ke4 69. Re8+ 0-1

[Event "Open B Estate Alfieri"]
[Site "Torino ITA"]
[Date "2010.05.04"]
[Round "1"]
[White "Tallarico, Pierfrancesco"]
[Black "Iacomussi, Mario"]
[Result "1-0"]
[WhiteElo "1883"]
[BlackElo "1776"]
[PlyCount "63"]
[EventDate "2010.05.04"]

1. c4 Nf6 2. Nf3 e6 3. Nc3 c5 4. g3 d6 5. Bg2 Nc6 6. O-O Be7 7. d4 cxd4 8. Nxd4
Bd7 9. b3 a6 10. Ba3 Qc7 11. Rc1 Nxd4 12. Qxd4 Bc6 13. e4 Rd8 14. Nd5 exd5 15.
cxd5 Qa5 16. Bb4 Qb5 17. a4 Qe2 18. dxc6 bxc6 19. Rxc6 O-O 20. Rc7 Rfe8 21. Re1
Qh5 22. h3 a5 23. Ba3 Bf8 24. Bb2 Qg6 25. Re3 d5 26. e5 Ne4 27. Bxe4 dxe4 28.
Qxe4 Rd1+ 29. Kg2 Qa6 30. Qc4 Qg6 31. Rf3 Be7 32. Rxe7 1-0

[Event "Open B Estate Alfieri"]
[Site "Torino ITA"]
[Date "2010.05.22"]
[Round "2"]
[White "Baleja, Marian"]
[Black "Biancotti, Alessandro"]
[Result "1-0"]
[WhiteElo "1917"]
[BlackElo "1886"]
[PlyCount "95"]
[EventDate "2010.05.04"]

1. e4 c5 2. d4 cxd4 3. c3 dxc3 4. Nxc3 Nc6 5. Nf3 e6 6. Bc4 a6 7. O-O Nge7 8.
Qe2 Ng6 9. Rd1 Be7 10. a3 b5 11. Ba2 Qc7 12. Be3 O-O 13. Rac1 Bb7 14. Ng5 Rad8
15. Qh5 h6 16. Nxf7 Kxf7 17. Qf5+ Bf6 18. f4 Nge7 19. Qh5+ g6 20. Qh3 h5 21. f5
Bc8 22. Nd5 Qe5 23. Nxf6 Kxf6 24. Bd2 Qxe4 25. Bb1 Qg4 26. Bc3+ e5 27. Rd6+ Kf7
28. fxg6+ Kg7 29. Qe3 Qf4 30. Qe1 Nf5 31. Rxc6 Nd4 32. Bd2 Qg4 33. Qxe5+ Kg8
34. Ba2+ Ne6 35. R6c3 Bb7 36. Rg3 Qe4 37. Qxh5 Qd4+ 38. Be3 Qg7 39. Bd2 Rc8 40.
Bc3 Rxc3 41. Rgxc3 d5 42. Bxd5 Bxd5 43. Qxd5 Qf6 44. Rf3 Qe7 45. Rxf8+ Kxf8 46.
Re1 Qa7+ 47. Kh1 Qf2 48. Qxe6 1-0

[Event "Open B Estate Alfieri"]
[Site "Torino ITA"]
[Date "2010.05.11"]
[Round "2"]
[White "Blundo, Michele"]
[Black "Femia, Nicola"]
[Result "0-1"]
[WhiteElo "1762"]
[BlackElo "1833"]
[PlyCount "126"]
[EventDate "2010.05.04"]

1. d4 d5 2. Nf3 Nf6 3. Bf4 e6 4. e3 c5 5. c4 Be7 6. Nc3 a6 7. Be2 dxc4 8. dxc5
Qxd1+ 9. Rxd1 Bxc5 10. Bxc4 O-O 11. O-O b5 12. Be2 Bb7 13. Bd6 Bxd6 14. Rxd6
Nc6 15. a3 Rfd8 16. Rfd1 Rxd6 17. Rxd6 Kf8 18. h3 Ke7 19. Rd1 h6 20. e4 Rd8 21.
Rxd8 Kxd8 22. b4 Ke7 23. Kf1 Kd6 24. Bd3 Ne5 25. Ke2 Nxf3 26. gxf3 Ke5 27. Ke3
g5 28. a4 Bc6 29. axb5 axb5 30. Bxb5 Bxb5 31. Nxb5 Nh5 32. Nd4 Nf4 33. b5 Kd6
34. b6 Nxh3 35. Nb5+ Kc6 36. b7 Kxb7 37. Nd6+ Kc6 38. Nxf7 h5 39. Kd4 h4 40.
Ne5+ Kd6 41. Ng4 Nf4 42. e5+ Ke7 43. Ke4 h3 44. Nh2 Kd7 45. Ng4 Kc6 46. Kd4 Kb5
47. Kc3 Kc5 48. Nh2 Kd5 49. Ng4 Ng6 50. Nh2 Kxe5 51. Kd3 Kf4 52. Ke2 Ne5 53.
Nf1 Nxf3 54. Ng3 g4 55. Nh1 Nd4+ 56. Kf1 Nf5 57. Kg1 Kf3 58. Kh2 e5 59. Kg1 e4
60. Kh2 Ke2 61. Kg1 Ke1 62. Kh2 Kf1 63. Ng3+ Kxf2 0-1

[Event "Open B Estate Alfieri"]
[Site "Torino ITA"]
[Date "2010.05.11"]
[Round "2"]
[White "Cavezzana, Davide"]
[Black "Tallarico, Pierfrancesco"]
[Result "0-1"]
[WhiteElo "1765"]
[BlackElo "1883"]
[PlyCount "82"]
[EventDate "2010.05.04"]

1. e4 c5 2. c3 g6 3. d4 cxd4 4. cxd4 d5 5. exd5 Nf6 6. Nc3 Nxd5 7. Qf3 Nb4 8.
Bb5+ N8c6 9. Qd1 Bf5 10. Nf3 Nc2+ 11. Ke2 Bg7 12. g4 Nxa1 13. gxf5 O-O 14. Bxc6
bxc6 15. Be3 Qd7 16. Qxa1 Qxf5 17. Qb1 Qh5 18. Qe4 Rab8 19. Bc1 e5 20. d5 f5
21. Qh4 Qxh4 22. Nxh4 cxd5 23. Nxd5 e4 24. Nc3 Rfc8 25. Kd2 Rc4 26. Ng2 Rd8+
27. Kc2 Rd3 28. Ne3 Rc5 29. Rd1 Bxc3 30. Rxd3 exd3+ 31. Kxd3 Be5 32. Bd2 Bxb2
33. Nc4 Rd5+ 34. Kc2 Bd4 35. f4 Bg1 36. h3 Bh2 37. Kc3 Kg7 38. Kb4 a6 39. a4
Bg3 40. Kc3 Kh6 41. Ne5 Rxd2 0-1

[Event "Open B Estate Alfieri"]
[Site "Torino ITA"]
[Date "2010.05.11"]
[Round "2"]
[White "Iacomussi, Mario"]
[Black "Riccardi, Mauro"]
[Result "1/2-1/2"]
[WhiteElo "1776"]
[BlackElo "1834"]
[PlyCount "79"]
[EventDate "2010.05.04"]

1. d4 Nf6 2. c4 g6 3. Nf3 Bg7 4. Nc3 d5 5. cxd5 Nxd5 6. e4 Nxc3 7. bxc3 c5 8.
Bb5+ Nc6 9. O-O cxd4 10. cxd4 O-O 11. Bxc6 bxc6 12. h3 c5 13. Be3 Bb7 14. Rc1
cxd4 15. Bxd4 Bxe4 16. Ne5 Bd5 17. Qa4 Qd6 18. Rfe1 Rfc8 19. Rxc8+ Rxc8 20.
Qxa7 Qb4 21. Rd1 Bxe5 22. Bxe5 Qe4 23. Rxd5 Qxd5 24. Qxe7 Qd8 25. Qxd8+ Rxd8
26. a4 Ra8 27. g3 Rxa4 28. Kg2 f5 29. Bf4 Kg7 30. Kf3 Kf6 31. h4 Ra3+ 32. Ke2
Ke6 33. Be3 Kd5 34. Kf3 Ra4 35. Bf4 Re4 36. Be3 Ke5 37. Bd2 Kd4 38. Ba5 Re8 39.
Bb6+ Kd5 40. Be3 1/2-1/2

[Event "Open B Estate Alfieri"]
[Site "Torino ITA"]
[Date "2010.05.18"]
[Round "3"]
[White "Biancotti, Alessandro"]
[Black "Blundo, Michele"]
[Result "1-0"]
[WhiteElo "1886"]
[BlackElo "1762"]
[PlyCount "73"]
[EventDate "2010.05.04"]

1. e4 c5 2. Nf3 d6 3. d4 cxd4 4. Nxd4 Nf6 5. Nc3 a6 6. Be2 e6 7. O-O Bd7 8. Be3
Be7 9. f4 Qc7 10. a4 Nc6 11. Qd2 Rc8 12. g4 Nxd4 13. Qxd4 e5 14. fxe5 dxe5 15.
Qd1 Bc5 16. Bxc5 Qxc5+ 17. Kh1 Bc6 18. Bd3 h5 19. g5 Ng4 20. Qf3 Rc7 21. Rae1
b5 22. axb5 axb5 23. Kg2 b4 24. Nd5 Bxd5 25. exd5 Qd6 26. h3 e4 27. Qxe4+ Kd8
28. hxg4 h4 29. Qe5 Qxe5 30. Rxe5 Re7 31. Rxe7 Kxe7 32. c4 bxc3 33. bxc3 f6 34.
gxf6+ gxf6 35. c4 Rh6 36. Rf5 Kd6 37. Rh5 1-0

[Event "Open B Estate Alfieri"]
[Site "Torino ITA"]
[Date "2010.05.18"]
[Round "3"]
[White "Femia, Nicola"]
[Black "Iacomussi, Mario"]
[Result "1-0"]
[WhiteElo "1833"]
[BlackElo "1776"]
[PlyCount "99"]
[EventDate "2010.05.04"]

1. d4 Nf6 2. c4 e6 3. Nc3 c5 4. d5 exd5 5. cxd5 d6 6. e4 g6 7. Nf3 Bg7 8. Be2
O-O 9. O-O Re8 10. Qc2 a6 11. a4 Nbd7 12. Bg5 h6 13. Bh4 g5 14. Bg3 Nf8 15. Nd2
Ng4 16. Bxg4 Bxg4 17. f3 Bd4+ 18. Kh1 Bh5 19. Nc4 Be5 20. Nxe5 dxe5 21. Bf2 Nd7
22. a5 Rc8 23. h3 Qf6 24. Be3 Bg6 25. Qf2 Qd6 26. h4 f6 27. Qg3 Re7 28. hxg5
hxg5 29. Kg1 Rh7 30. Kf2 Kf7 31. Rh1 Rch8 32. Rh3 Rxh3 33. gxh3 Rh5 34. Rd1 f5
35. Bxg5 f4 36. Qg4 c4 37. h4 Nc5 38. Qc8 Nd3+ 39. Rxd3 cxd3 40. Qxb7+ Kf8 41.
b4 Rh7 42. Qc8+ Kf7 43. Qc5 Qd7 44. d6 Ke8 45. Qxe5+ Kf8 46. Qf6+ Bf7 47. Nd5
Qh3 48. Qxf4 Rg7 49. Be7+ Ke8 50. Nf6# 1-0

[Event "Open B Estate Alfieri"]
[Site "Torino ITA"]
[Date "2010.05.18"]
[Round "3"]
[White "Riccardi, Mauro"]
[Black "Cavezzana, Davide"]
[Result "1/2-1/2"]
[WhiteElo "1834"]
[BlackElo "1765"]
[PlyCount "60"]
[EventDate "2010.05.04"]

1. d4 d5 2. c4 c6 3. Nf3 Nf6 4. Nc3 dxc4 5. a4 Bf5 6. Ne5 Nbd7 7. Nxc4 Qc7 8.
g3 e5 9. dxe5 Nxe5 10. Bf4 Nfd7 11. Bg2 g5 12. Ne3 gxf4 13. Nxf5 O-O-O 14. Qc2
Nf6 15. Rc1 Bb4 16. O-O fxg3 17. hxg3 a6 18. Ne4 Nxe4 19. Qxe4 a5 20. Nd4 Kb8
21. Rfd1 h5 22. Nf5 Ng4 23. e3 Rhe8 24. Qf3 Rd2 25. Rxd2 Bxd2 26. Rd1 Bb4 27.
Qf4 Qxf4 28. gxf4 Kc7 29. Ng7 Rh8 30. Kf1 Bc5 1/2-1/2

[Event "Open B Estate Alfieri"]
[Site "Torino ITA"]
[Date "2010.06.02"]
[Round "3"]
[White "Tallarico, Pierfrancesco"]
[Black "Baleja, Marian"]
[Result "1-0"]
[WhiteElo "1883"]
[BlackElo "1917"]
[PlyCount "123"]
[EventDate "2010.05.04"]

1. c4 Nf6 2. Nf3 c6 3. Nc3 d5 4. e3 a6 5. b3 Bg4 6. Be2 e6 7. Ne5 Bxe2 8. Qxe2
b5 9. O-O b4 10. Na4 Bd6 11. Bb2 Qc7 12. f4 O-O 13. Rac1 Nbd7 14. Nxd7 Nxd7 15.
Qg4 e5 16. cxd5 Nf6 17. Qg5 h6 18. Qf5 Nxd5 19. fxe5 Be7 20. e6 Nf6 21. Be5 Qb7
22. Nc5 Qb5 23. exf7+ Rxf7 24. Nd7 Rd8 25. Nxf6+ Bxf6 26. d4 Qe2 27. Rxc6 Qxe3+
28. Kh1 Rdf8 29. Rc8 Qd2 30. Rxf8+ Rxf8 31. h3 Kh8 32. Qf2 Qd3 33. Re1 Kg8 34.
Qe2 Qxe2 35. Rxe2 Bxe5 36. dxe5 Rf1+ 37. Kh2 Kf7 38. Rc2 Ra1 39. Kg3 a5 40. Kf4
Ke6 41. g4 g5+ 42. Ke4 Re1+ 43. Kd4 Rd1+ 44. Kc5 Rd3 45. Kb6 Rxh3 46. Kxa5 Rc3
47. Rh2 Kxe5 48. Kxb4 Rc1 49. Rxh6 Kf4 50. a4 Kxg4 51. a5 Kf3 52. Kb5 g4 53. a6
Ra1 54. b4 g3 55. Kb6 g2 56. Rg6 g1=Q+ 57. Rxg1 Rxg1 58. a7 Rg8 59. b5 Ke4 60.
Kb7 Kd5 61. b6 Rg7+ 62. Ka6 1-0

[Event "Open B Estate Alfieri"]
[Site "Torino ITA"]
[Date "2010.05.25"]
[Round "4"]
[White "Baleja, Marian"]
[Black "Riccardi, Mauro"]
[Result "1-0"]
[WhiteElo "1917"]
[BlackElo "1834"]
[PlyCount "111"]
[EventDate "2010.05.04"]

1. e4 c5 2. d4 cxd4 3. c3 dxc3 4. Nxc3 Nc6 5. Nf3 d6 6. Bc4 a6 7. O-O Nf6 8. h3
e6 9. Qe2 Be7 10. Rd1 Qa5 11. Bd2 Qh5 12. Bf4 e5 13. Be3 h6 14. Rac1 g5 15. Bb6
g4 16. hxg4 Bxg4 17. Rd3 Nb4 18. Re3 Nd7 19. Ba5 Nc6 20. Nd5 Bg5 21. Nc7+ Ke7
22. Nxa8 Nxa5 23. Nc7 Bxe3 24. Nd5+ Kd8 25. Qxe3 Bxf3 26. Qxf3 Qxf3 27. gxf3
Nc6 28. Bxa6 Nd4 29. Bf1 Nxf3+ 30. Kg2 Nd2 31. Bd3 Nc5 32. Rc2 Rg8+ 33. Kh3 Nf3
34. Be2 Nd4 35. Rxc5 dxc5 36. Bh5 Rg7 37. f4 Ne6 38. fxe5 Ng5+ 39. Kg4 Nxe4+
40. Kf4 Ng5 41. Kf5 Ne6 42. Kf6 Ke8 43. Ne7 Rg1 44. Bxf7+ Kd8 45. Kxe6 Rb1 46.
Nf5 Rxb2 47. Kd6 Rb6+ 48. Kxc5 Rc6+ 49. Kd5 Ra6 50. e6 Ra5+ 51. Kd6 Ra6+ 52.
Ke5 Ra5+ 53. Kf6 Rxf5+ 54. Kxf5 Ke7 55. Kg6 h5 56. Kxh5 1-0

[Event "Open B Estate Alfieri"]
[Site "Torino ITA"]
[Date "2010.05.29"]
[Round "4"]
[White "Biancotti, Alessandro"]
[Black "Tallarico, Pierfrancesco"]
[Result "0-1"]
[WhiteElo "1886"]
[BlackElo "1883"]
[PlyCount "149"]
[EventDate "2010.05.04"]

1. e4 e5 2. Nf3 Nc6 3. Bb5 a6 4. Ba4 Nf6 5. O-O Nxe4 6. Re1 b5 7. Bb3 d5 8. d3
Nf6 9. Nxe5 Nxe5 10. Rxe5+ Be6 11. Bg5 Bd6 12. Re1 O-O 13. h3 h6 14. Bh4 Be7
15. Nd2 c6 16. a4 Nd7 17. Bxe7 Qxe7 18. d4 Qf6 19. Nf3 Bf5 20. Qd2 Bxh3 21. Qc3
Bf5 22. g3 Be4 23. Nd2 Bf5 24. Re3 Qd6 25. Nf3 Be4 26. a5 Rae8 27. Qe1 Re6 28.
Nh4 Rfe8 29. Qd2 f5 30. Ng2 Bxg2 31. Kxg2 Rxe3 32. fxe3 Nf6 33. Rf1 Ng4 34. Re1
Qe6 35. c3 Qe4+ 36. Kh3 Nxe3 37. Bd1 f4 38. g4 f3 39. Rg1 Rf8 40. Qf2 h5 41.
gxh5 Qf5+ 42. Kh4 Ng2+ 43. Rxg2 fxg2 44. Qxg2 Qf2+ 45. Kh3 Rf4 46. Qxf2 Rxf2
47. Bg4 Rxb2 48. Bc8 Rb3 49. Bxa6 Rxc3+ 50. Kg2 Ra3 51. Bb7 Rxa5 52. Kf2 Kh7
53. Bxc6 b4 54. Ke2 Kh6 55. Be8 Kg5 56. Kd3 Ra3+ 57. Kd2 Kf5 58. Bg6+ Ke6 59.
Kc2 Rg3 60. Bh7 Kd6 61. Bg8 Kc6 62. Bf7 Rc3+ 63. Kd2 Rc4 64. Kd3 b3 65. Bg6 b2
66. Kd2 Rxd4+ 67. Kc3 Kc5 68. Kxb2 Rc4 69. Kb3 Kd4 70. Bf7 Rc7 71. Bg6 Ke3 72.
Bf5 d4 73. Bg4 d3 74. Kb2 d2 75. Bd1 0-1

[Event "Open B Estate Alfieri"]
[Site "Torino ITA"]
[Date "2010.05.25"]
[Round "4"]
[White "Cavezzana, Davide"]
[Black "Femia, Nicola"]
[Result "1-0"]
[WhiteElo "1765"]
[BlackElo "1833"]
[PlyCount "91"]
[EventDate "2010.05.04"]

1. e4 c5 2. Nc3 Nc6 3. g3 d6 4. Bg2 Nf6 5. d3 g6 6. f4 e5 7. Nh3 Bg4 8. Qd2 Bh6
9. Ng5 Nd4 10. O-O O-O 11. Qf2 Bxg5 12. fxg5 Nd7 13. h3 Be6 14. Be3 a6 15. a4
Nb8 16. Qd2 Nbc6 17. Ne2 Qd7 18. Bxd4 Nxd4 19. Nxd4 cxd4 20. h4 Rac8 21. Bf3
Bg4 22. Qe2 Bxf3 23. Rxf3 Rc6 24. Rf2 Qh3 25. Qf3 Rc7 26. Rh2 Qe6 27. h5 Rfc8
28. Rc1 Qe7 29. Qg4 Qd7 30. Qf3 Qe7 31. Qg4 b5 32. axb5 axb5 33. h6 b4 34. b3
Rc3 35. Rf2 R8c7 36. Rd2 Rxb3 37. Ra1 Ra3 38. Rb1 Ra4 39. Rb3 Qd7 40. Qf3 Qh3
41. Rb1 Ra2 42. Rf1 b3 43. Qf6 Qxg3+ 44. Rg2 Qxg2+ 45. Kxg2 Raxc2+ 46. Kf3 1-0

[Event "Open B Estate Alfieri"]
[Site "Torino ITA"]
[Date "2010.06.02"]
[Round "5"]
[White "Femia, Nicola"]
[Black "Baleja, Marian"]
[Result "0-1"]
[WhiteElo "1833"]
[BlackElo "1917"]
[PlyCount "56"]
[EventDate "2010.05.04"]

1. d4 Nf6 2. c4 c6 3. Nc3 d5 4. Nf3 dxc4 5. e4 b5 6. a3 e6 7. Be2 Bb7 8. O-O
Be7 9. Bg5 Nbd7 10. e5 Nd5 11. Bxe7 Qxe7 12. Ne4 O-O 13. Qc2 h6 14. Nd6 Rab8
15. Nd2 c5 16. Nxb7 Rxb7 17. dxc5 Nxe5 18. Ne4 Rc7 19. f4 Nd7 20. Rf3 Nxc5 21.
Nxc5 Qxc5+ 22. Kh1 Ne3 23. Qc3 Nf5 24. Rd1 Rcc8 25. g4 Nh4 26. Re3 Rfd8 27. Rg1
Qc6+ 28. Rf3 Rd3 0-1

[Event "Open B Estate Alfieri"]
[Site "Torino ITA"]
[Date "2010.06.02"]
[Round "5"]
[White "Iacomussi, Mario"]
[Black "Cavezzana, Davide"]
[Result "1-0"]
[WhiteElo "1776"]
[BlackElo "1765"]
[PlyCount "69"]
[EventDate "2010.05.04"]

1. d4 d5 2. c4 c6 3. cxd5 cxd5 4. Nc3 Nf6 5. Bg5 Qa5 6. Bxf6 gxf6 7. Qb3 e6 8.
e3 a6 9. Bd3 Nc6 10. Nge2 Nb4 11. Bb1 Bd6 12. O-O b5 13. f4 f5 14. a3 Nc6 15.
Rc1 Bd7 16. Qc2 Qd8 17. Qd2 Rc8 18. Ng3 Na5 19. Ba2 Nc6 20. Nh5 Rg8 21. Qf2 Be7
22. Rc2 Bh4 23. Qf3 Qe7 24. Bxd5 exd5 25. Nxd5 Qd6 26. Rac1 Rg6 27. Nb6 Rb8 28.
Nxd7 Rc8 29. Ne5 Rg8 30. Rxc6 Rxc6 31. Rxc6 Qd8 32. Rxa6 Qc7 33. Qc6+ Qxc6 34.
Rxc6 Ke7 35. g3 1-0

[Event "Open B Estate Alfieri"]
[Site "Torino ITA"]
[Date "2010.06.02"]
[Round "5"]
[White "Riccardi, Mauro"]
[Black "Biancotti, Alessandro"]
[Result "0-1"]
[WhiteElo "1834"]
[BlackElo "1886"]
[PlyCount "92"]
[EventDate "2010.05.04"]

1. d4 Nf6 2. Bg5 Ne4 3. Bf4 c5 4. f3 Qa5+ 5. c3 Nf6 6. d5 e6 7. e4 Qb6 8. Na3
exd5 9. Nb5 d6 10. exd5 Be7 11. Qe2 O-O 12. O-O-O Re8 13. Bg5 Bd7 14. Qd3 a6
15. Na3 Qc7 16. Ne2 b5 17. c4 bxc4 18. Nxc4 Bb5 19. Nc3 Nbd7 20. Qc2 Nb6 21.
Nxb6 Qxb6 22. Kb1 Bd7 23. Bd3 h6 24. Bh4 Bb5 25. Rhe1 Qb7 26. Bxb5 axb5 27. Qb3
b4 28. Ne4 Nxe4 29. Bxe7 Rxe7 30. Rxe4 Rae8 31. Rde1 f6 32. Re6 Qd7 33. f4 f5
34. Qc4 Kf7 35. Rxe7+ Rxe7 36. Re2 g5 37. fxg5 hxg5 38. Qd3 Kf6 39. a3 bxa3 40.
bxa3 Rxe2 41. Qxe2 Qb7+ 42. Ka2 Qxd5+ 43. Kb2 Qe5+ 44. Qxe5+ Kxe5 45. Kc3 d5
46. a4 Kd6 0-1

[Event "Open B Estate Alfieri"]
[Site "Torino ITA"]
[Date "2010.06.02"]
[Round "5"]
[White "Tallarico, Pierfrancesco"]
[Black "Blundo, Michele"]
[Result "1-0"]
[WhiteElo "1883"]
[BlackElo "1762"]
[PlyCount "43"]
[EventDate "2010.05.04"]

1. c4 c5 2. g3 Nc6 3. Bg2 Nf6 4. Nc3 e6 5. Nf3 d5 6. cxd5 exd5 7. d4 a6 8. Bg5
Be6 9. O-O Be7 10. dxc5 Bxc5 11. Bxf6 gxf6 12. Nh4 d4 13. Na4 Ba7 14. Rc1 Rc8
15. Nc5 Qe7 16. Nxe6 fxe6 17. Qa4 O-O 18. Bxc6 Rxc6 19. Rxc6 Qd7 20. Rxa6 Qxa4
21. Rxa4 Bc5 22. a3 1-0

[Event "Open B Estate Alfieri"]
[Site "Torino ITA"]
[Date "2010.06.08"]
[Round "6"]
[White "Baleja, Marian"]
[Black "Iacomussi, Mario"]
[Result "1-0"]
[WhiteElo "1917"]
[BlackElo "1776"]
[PlyCount "47"]
[EventDate "2010.05.04"]

1. e4 c5 2. d4 cxd4 3. c3 d3 4. Bxd3 Nc6 5. Nf3 d6 6. O-O Nf6 7. Bg5 e5 8. h3
Be7 9. c4 O-O 10. Nc3 Be6 11. Qd2 Rc8 12. Rfd1 Nd4 13. Nxd4 exd4 14. Bxf6 Bxf6
15. Nd5 Bxd5 16. exd5 g6 17. Re1 Qc7 18. f4 Rfe8 19. f5 Be5 20. Re4 a5 21. Rf1
b6 22. f6 Kh8 23. Qh6 Rg8 24. Qxh7+ 1-0

[Event "Open B Estate Alfieri"]
[Site "Torino ITA"]
[Date "2010.06.08"]
[Round "6"]
[White "Biancotti, Alessandro"]
[Black "Femia, Nicola"]
[Result "1-0"]
[WhiteElo "1886"]
[BlackElo "1833"]
[PlyCount "59"]
[EventDate "2010.05.04"]

1. e4 c5 2. Nf3 Nc6 3. d4 cxd4 4. Nxd4 Nf6 5. Nc3 a6 6. Be2 d6 7. O-O Bd7 8.
Be3 e6 9. f4 Qc7 10. g4 Be7 11. g5 Ng8 12. f5 O-O-O 13. fxe6 fxe6 14. Bg4 Nxd4
15. Bxd4 e5 16. Nd5 Qc6 17. Bxd7+ Rxd7 18. Bb6 Bxg5 19. Rf8+ Bd8 20. Qg4 Nf6
21. Ne7+ Kb8 22. Nxc6+ bxc6 23. Rxf6 Bxb6+ 24. Kh1 Kc7 25. Rff1 h5 26. Qe2 Kb7
27. Rf5 g5 28. Rxg5 Rf7 29. Rf1 Rfh7 30. Rgf5 1-0

[Event "Open B Estate Alfieri"]
[Site "Torino ITA"]
[Date "2010.06.14"]
[Round "6"]
[White "Blundo, Michele"]
[Black "Cavezzana, Davide"]
[Result "1-0"]
[WhiteElo "1762"]
[BlackElo "1765"]
[PlyCount "85"]
[EventDate "2010.05.04"]

1. d4 d5 2. Nf3 Nf6 3. Nbd2 Bf5 4. e3 e6 5. Be2 c5 6. c4 dxc4 7. Bxc4 Nc6 8.
dxc5 Bxc5 9. a3 Ne4 10. O-O Qf6 11. Qb3 Bb6 12. Be2 O-O 13. Nxe4 Bxe4 14. Bd2
Bd5 15. Qc2 Qg6 16. Bd3 f5 17. Be2 Rac8 18. Bc3 Bd8 19. g3 Bf6 20. Bxf6 Qxf6
21. Qd2 Rfd8 22. Nd4 Nxd4 23. exd4 Bc6 24. Bc4 Bd5 25. Bxd5 Rxd5 26. Rac1 Rxc1
27. Rxc1 Qd8 28. Rc4 e5 29. Qc2 Qf6 30. Rc8+ Rd8 31. dxe5 Qe7 32. Qc4+ Kf8 33.
e6 Rxc8 34. Qxc8+ Qe8 35. Qc5+ Qe7 36. Qxf5+ Ke8 37. Qe5 Qd8 38. Qb5+ Ke7 39.
Qxb7+ Kxe6 40. Qe4+ Kf7 41. h4 Qd1+ 42. Kg2 Qb3 43. Qf3+ 1-0

[Event "Open B Estate Alfieri"]
[Site "Torino ITA"]
[Date "2010.06.08"]
[Round "6"]
[White "Tallarico, Pierfrancesco"]
[Black "Riccardi, Mauro"]
[Result "0-1"]
[WhiteElo "1883"]
[BlackElo "1834"]
[PlyCount "124"]
[EventDate "2010.05.04"]

1. Nf3 d5 2. g3 g6 3. Bg2 Nf6 4. O-O Bg7 5. d3 O-O 6. Nbd2 c6 7. Rb1 Qc7 8. Re1
e5 9. e4 dxe4 10. Nxe4 Nxe4 11. Rxe4 Bf5 12. Re1 Nd7 13. b4 Rad8 14. Bg5 f6 15.
Be3 Nb6 16. Qc1 Nd5 17. Bd2 Rfe8 18. Qa3 Bf8 19. Nh4 Be6 20. c4 Nb6 21. Be3 g5
22. Nf3 Bf5 23. Red1 e4 24. Bxb6 axb6 25. dxe4 Bxe4 26. Rxd8 Qxd8 27. Rc1 Qd3
28. Qxd3 Bxd3 29. b5 Re2 30. Bf1 Rc2 31. Rxc2 Bxc2 32. bxc6 bxc6 33. Nd4 Bb1
34. Bg2 Bxa2 35. Bxc6 Bxc4 36. Kg2 Bc5 37. Nb5 Kf8 38. f4 h6 39. fxg5 fxg5 40.
h4 g4 41. Nc3 Bd4 42. Nb5 Be5 43. Na3 Bd3 44. h5 Ke7 45. Nb5 Kf6 46. Kf2 Kg5
47. Ke3 Bxb5 48. Bxb5 Bxg3 49. Be8 Bd6 50. Kf2 g3+ 51. Kg2 Kh4 52. Kh1 Kg4 53.
Kg2 Kf4 54. Bc6 Ke3 55. Bd7 Kd4 56. Kf3 Ke5 57. Bh3 b5 58. Ke2 Kd4 59. Kd2 b4
60. Bg2 b3 61. Kc1 Kc3 62. Kb1 Be5 0-1

[Event "Open B Estate Alfieri"]
[Site "Torino ITA"]
[Date "2010.06.15"]
[Round "7"]
[White "Cavezzana, Davide"]
[Black "Baleja, Marian"]
[Result "0-1"]
[WhiteElo "1765"]
[BlackElo "1917"]
[PlyCount "80"]
[EventDate "2010.05.04"]

1. e4 c5 2. Nc3 e6 3. Nf3 Nc6 4. d4 cxd4 5. Nxd4 Qc7 6. Be3 a6 7. Nxc6 bxc6 8.
Bd3 d5 9. O-O Nf6 10. exd5 cxd5 11. Re1 Bd6 12. h3 O-O 13. Bg5 Bh2+ 14. Kh1 Be5
15. Bd2 Bb7 16. Qe2 Nd7 17. Qg4 Bf6 18. f4 Nc5 19. Qe2 Nxd3 20. Qxd3 Rac8 21.
Rac1 Rfd8 22. Re2 Rd6 23. Nd1 a5 24. Re1 Ba6 25. Qa3 Rc6 26. Bxa5 Qxf4 27. Qe3
Qxe3 28. Nxe3 Bxb2 29. Rb1 Bd4 30. Bb4 Bxe3 31. Rxe3 Rxc2 32. a3 d4 33. Ree1 d3
34. Red1 e5 35. Rd2 f5 36. Kg1 e4 37. Re1 Rxd2 38. Bxd2 Rc2 39. Rd1 Rxd2 40.
Rxd2 e3 0-1

[Event "Open B Estate Alfieri"]
[Site "Torino ITA"]
[Date "2010.06.15"]
[Round "7"]
[White "Femia, Nicola"]
[Black "Tallarico, Pierfrancesco"]
[Result "0-1"]
[WhiteElo "1833"]
[BlackElo "1883"]
[PlyCount "98"]
[EventDate "2010.05.04"]

1. d4 d5 2. c4 c6 3. Nc3 Nf6 4. Nf3 e6 5. e3 Nbd7 6. Bd3 dxc4 7. Bxc4 b5 8. Bd3
Bb7 9. O-O a6 10. Ne4 c5 11. Nxf6+ Nxf6 12. Bd2 Bd6 13. dxc5 Bxc5 14. Bc3 O-O
15. Be2 Qe7 16. Ba5 Rac8 17. Rc1 Nd5 18. Nd4 e5 19. Nf5 Qg5 20. Bf3 e4 21. Bg4
h5 22. Bh3 Bb6 23. Rxc8 Bxc8 24. Bxb6 Nxb6 25. Qd6 Bxf5 26. Bxf5 Nc4 27. Qf4
Qxf4 28. exf4 g6 29. Bd7 Rd8 30. Bc6 Nxb2 31. Bxe4 Nc4 32. Bc2 Rd2 33. Rc1 Nb2
34. Kf1 Nd3 35. Bxd3 Rxd3 36. Ke2 Ra3 37. Rc2 a5 38. Rb2 b4 39. Kd2 Kg7 40. h4
Kf6 41. Rc2 Kf5 42. g3 Ke4 43. Ke2 Kd4 44. Rd2+ Kc4 45. Rc2+ Rc3 46. Rd2 a4 47.
f3 b3 48. axb3+ Kxb3 49. g4 a3 0-1

[Event "Open B Estate Alfieri"]
[Site "Torino ITA"]
[Date "2010.06.15"]
[Round "7"]
[White "Iacomussi, Mario"]
[Black "Biancotti, Alessandro"]
[Result "1-0"]
[WhiteElo "1776"]
[BlackElo "1886"]
[PlyCount "91"]
[EventDate "2010.05.04"]

1. d4 Nf6 2. c4 g6 3. Nc3 d5 4. cxd5 Nxd5 5. e4 Nxc3 6. bxc3 Bg7 7. Nf3 O-O 8.
Rb1 c5 9. Be3 Nc6 10. Be2 Qa5 11. Qd2 cxd4 12. cxd4 Qxd2+ 13. Kxd2 Rd8 14. d5
e6 15. Bc4 Na5 16. Kd3 exd5 17. Bxd5 Be6 18. Rb5 b6 19. Bg5 Rd7 20. Rc1 h6 21.
Be3 Rad8 22. Ke2 Bxd5 23. exd5 Rxd5 24. Rxd5 Rxd5 25. Rc8+ Kh7 26. Rc7 Rb5 27.
Rxf7 Kg8 28. Rxa7 Nc4 29. Bc1 Rb1 30. Ra8+ Kf7 31. Ra7+ Kf6 32. Kd1 g5 33. Kc2
Rb5 34. Kd3 Nd6 35. Bd2 Rd5+ 36. Ke2 Nc4 37. Bc3+ Ke6 38. Rxg7 Kf5 39. h3 Nd6
40. Nd4+ Kf6 41. Nb5+ Kf5 42. g4+ Kf4 43. Nxd6 Rxd6 44. Rf7+ Ke4 45. Rf5 Rd3
46. f3+ 1-0

[Event "Open B Estate Alfieri"]
[Site "Torino ITA"]
[Date "2010.06.15"]
[Round "7"]
[White "Riccardi, Mauro"]
[Black "Blundo, Michele"]
[Result "1/2-1/2"]
[WhiteElo "1834"]
[BlackElo "1762"]
[PlyCount "79"]
[EventDate "2010.05.04"]

1. d4 Nf6 2. Bg5 e6 3. e4 Be7 4. Nd2 d6 5. Bd3 Nbd7 6. Ngf3 c6 7. c3 O-O 8. h3
a5 9. O-O b5 10. Qe2 Re8 11. e5 dxe5 12. dxe5 Nd5 13. Bxe7 Qxe7 14. Ne4 Nf4 15.
Qe3 Nxd3 16. Qxd3 Rd8 17. Rad1 Bb7 18. Qd6 Qxd6 19. Nxd6 Ba6 20. Rfe1 h6 21.
Re4 c5 22. Re3 c4 23. Ne4 Nb6 24. Rd6 Nd5 25. Re1 b4 26. Nc5 Rxd6 27. exd6 bxc3
28. bxc3 Nxc3 29. d7 Bb5 30. Nd4 Bxd7 31. Nxd7 Rd8 32. Nc6 Rxd7 33. Nxa5 Rc7
34. Kf1 Nxa2 35. Ra1 Nb4 36. Ra4 c3 37. Rxb4 c2 38. Nb3 c1=Q+ 39. Nxc1 Rxc1+
40. Ke2 1/2-1/2